000 00673nam a2200229 i 4500
001 16277
003 ES-MaACL
005 20230906151259.0
007 t|
008 000823s1999 sp ||||1| spa d
020 _a84-7737-081-8
080 _a965"19"
100 1 _aPérez López-Portillo, Raúl.
_990979
245 1 0 _aArgelia
_b: el fin del sueño islamista /
_cRaul Pérez López-Portillo.
260 _aMadrid :
_bSílex,
_c[1999]
300 _a292 p. ;
_c24 cm.
490 1 _aPeriodismo histórico
651 4 _aArgelia-
_xHistoria-
_yS.XX.
_97804
830 0 _aPeriodismo histórico
_9180286
852 _aES-MaACL
_jL-23620
_bR.128855
999 _c16277
_d16277